000 01010cam a22002654a 4500
999 _c24326
_d24326
001 12727789
003 OSt
005 20170128111337.0
008 020402s2003 njua b 001 0 eng
010 _a 2002066299
020 _a0130458120
040 _aDLC
_cDLC
_dDLC
042 _apcc
050 0 0 _aBF637.L4
_bN35 2003
082 0 0 _a158/.4
_221
100 1 _aNahavandi, Afsaneh.
245 1 4 _aThe art and science of leadership /
_cAfsaneh Nahavandi.
250 _a3rd ed.
260 _aUpper Saddle River, N.J. :
_bPrentice Hall,
_cc2003.
300 _axiv, 338 p. :
_bill. ;
_c24 cm.
504 _aIncludes bibliographical references (p. 299-320) and indexes.
650 0 _aLeadership.
650 0 _aLeadership
_vCross-cultural studies.
906 _a7
_bcbc
_corignew
_d1
_eocip
_f20
_gy-gencatlg
942 _2lcc
_cBOOKS
_hBF 637 .L4N35 2002